000 00414nam a2200133Ia 4500
005 20260328101448.0
008 260328s9999||||xx |||||||||||||| ||und||
100 _aUribe Rivera, Rafael
245 0 _aEl Arquitecto Carlos Arbeláez Camacho :
_b Compilación de sus mas importantes escritos cortos 1947 - 1969 /
_cRafael Uribe Rivera
260 _bAntares
300 _a329 p.
650 _aARQUITECTURA
942 _cBK
999 _c8538
_d8538